00670cam a2200169 4500008004100000020001500041035001200056050002700068110008800095245006600183250001100249260003200260300002100292504002800313610009700341650006200438090204t19941994mx 000 0 spa u a9684962908 aa47841004aLE9 .C46 .2 bC46 19942 aCentro de Investigaciones y Estudios Superiores en Antropología Social (México)10amemoria de gestión catálogo de investigaciones /cCIESAS. a1a ed. aMéxico :bciesas, cc1994 a142 p. ;c21 cm. aIncluye bibliografías2 aCentro de Investigaciones y Estudios Superiores en Antropología Social (Mexico) xInformes 7aAntropología xEstudió y Enseñanza zMéxico2lemb